LEADER 03531nam 2200661 450 001 9910463310003321 005 20200520144314.0 010 $a0-8179-1226-6 035 $a(CKB)2670000000352547 035 $a(EBL)1370679 035 $a(SSID)ssj0001045062 035 $a(PQKBManifestationID)11572189 035 $a(PQKBTitleCode)TC0001045062 035 $a(PQKBWorkID)11112214 035 $a(PQKB)10571912 035 $a(MiAaPQ)EBC1370679 035 $a(Au-PeEL)EBL1370679 035 $a(CaPaEBR)ebr10827185 035 $a(CaONFJC)MIL848265 035 $a(OCoLC)864414270 035 $a(EXLCZ)992670000000352547 100 $a20140122h20132013 uy 0 101 0 $aeng 135 $aur|n|---||||| 181 $ctxt 182 $cc 183 $acr 200 10$aPerjury $ethe Hiss-Chambers case /$fAllen Weinstein 205 $aThird edition. 210 1$aStanford, California :$cHoover Institution Press,$d2013. 210 4$d©2013 215 $a1 online resource (1459 p.) 225 1 $aHoover Institution Press Publication ;$vNumber 567 300 $aDescription based upon print version of record. 311 $a0-8179-1225-8 320 $aIncludes bibliographical references and index. 327 $aCover; Praise for Perjury; Title Page; Copyright; Dedication; Epigraph; Contents; Acknowledgments; Introduction; Part One: Origins; I. HUAC: A Month of Headlines; II. Alger and Whittaker: The Crucible of Family; III. The Un-Secret Agent; IV. The Ware Group and the New Deal; Part Two: Espionage; V. Perjury: A Question of Documents; VI. The Dual Life; VII. Spies and Bureaucrats: The Stolen Documents; Part Three: Concealment; VIII. Perjury: A Question of Candor; IX. The Defection of "Karl"; X. Alger and Whittaker: The Forging of Careers; Photo Section; Part Four: Disclosure 327 $aXI. Rumors and Whispers: The Pursuit of EvidenceXII. Deadlock: The First Trial; XIII. Conviction: The Second Trial; Part Five: Consequences; XIV. Cold War Iconography I: Alger Hiss as Myth and Symbol; XV. Alger and Whittaker: The Vigil and the Death Watch; XVI. Cold War Iconography II: From Watergate to Red Square; Part Six: Memory; XVII. The Hiss Labyrinth: Six Profiles; Appendix: "Forgery by Typewriter": The Pursuit of Conspiracy, 1948-1997; Notes; Bibliography; About the Author; Index; Credits for photographs 330 $aWhen the Hiss-Chambers case first burst on the scene in 1948, its main characters and events seemed more appropriate to spy fiction than to American reality. The major historical authority on the case, Perjury was first published in 1978. Now, in its latest edition, Perjury links together the old and new evidence, much of it previously undiscovered or unavailable, bringing the Hiss-Chambers's amazing story up to the present. 410 0$aHoover Institution Press publication ;$v567. 606 $aCommunism$zUnited States$xHistory 606 $aSubversive activities$zUnited States$xHistory 606 $aTrials (Political crimes and offenses)$zUnited States 606 $aTrials (Perjury)$zUnited States 608 $aElectronic books. 615 0$aCommunism$xHistory. 615 0$aSubversive activities$xHistory. 615 0$aTrials (Political crimes and offenses) 615 0$aTrials (Perjury) 676 $a364.1/31 700 $aWeinstein$b Allen$0464921 801 0$bMiAaPQ 801 1$bMiAaPQ 801 2$bMiAaPQ 906 $aBOOK 912 $a9910463310003321 996 $aPerjury$92145477 997 $aUNINA LEADER 02424nam a22003731i 4500 001 991001202479707536 005 20031231123552.0 008 040407s1966 uik|||||||||||||||||lat 035 $ab12734470-39ule_inst 035 $aARCHE-071411$9ExL 040 $aDip.to Scienze Storiche$bita$cA.t.i. Arché s.c.r.l. Pandora Sicilia s.r.l. 082 04$a471.7 100 1 $aLowe, Elias Avery$0206796 245 10$aCodices latini antiquiores :$ba palaeographical guide to Latin manuscripts prior to the ninth century /$cedited by E. A. Lowe 260 $aOxford :$bUniversity Press,$c1966- 300 $av. ;$c44 cm 650 4$aManoscritti latini$ySec. 1. a.C-9.$xRiproduzioni e facsimili 907 $a.b12734470$b02-04-14$c16-04-04 912 $a991001202479707536 945 $aLE009 STOR.73.2-16$g1$iLE009A-3335 ISL$lle009$o-$pE0.00$q-$rn$so $t0$u0$v0$w0$x0$y.i13269136$z16-04-04 945 $aLE009 STOR.11.1-3/1$cV. 1$g1$iLE009A-5197/1 DSS$lle009$o-$pE0.00$q-$rn$so $t0$u0$v0$w0$x0$y.i13269148$z16-04-04 945 $aLE009 STOR.11.1-3/2$cV. 2$g1$i2009000105508$lle009$o-$pE0.00$q-$rn$so $t0$u0$v0$w0$x0$y.i13269240$z16-04-04 945 $aLE009 STOR.11.1-3/3$cV. 3$g1$iLE009A-5197/2 DSS$lle009$o-$pE0.00$q-$rn$so $t0$u0$v0$w0$x0$y.i1326915x$z16-04-04 945 $aLE009 STOR.11.1-3/4$cV. 4$g1$iLE009A-5197/3 DSS$lle009$o-$pE0.00$q-$rn$so $t0$u0$v0$w0$x0$y.i13269161$z16-04-04 945 $aLE009 STOR.11.1-3/5$cV. 5$g1$iLE009A-5197/4 DSS$lle009$o-$pE0.00$q-$rn$so $t0$u0$v0$w0$x0$y.i13269173$z16-04-04 945 $aLE009 STOR.11.1-3/6$cV. 6$g1$iLE009A-5197/5 DSS$lle009$o-$pE0.00$q-$rn$so $t0$u0$v0$w0$x0$y.i13269185$z16-04-04 945 $aLE009 STOR.11.1-3/7$cV. 7$g1$iLE009A-5197/6 DSS$lle009$o-$pE0.00$q-$rn$so $t0$u0$v0$w0$x0$y.i13269197$z16-04-04 945 $aLE009 STOR.11.1-3/8$cV. 8$g1$iLE009A-5197/7 DSS$lle009$o-$pE0.00$q-$rn$so $t0$u0$v0$w0$x0$y.i13269203$z16-04-04 945 $aLE009 STOR.11.1-3/9$cV. 9$g1$iLE009A-5197/8 DSS$lle009$o-$pE0.00$q-$rn$so $t0$u0$v0$w0$x0$y.i13269215$z16-04-04 945 $aLE009 STOR.11.1-3/10$cV. 10$g1$iLE009A-5197/9 DSS$lle009$o-$pE0.00$q-$rn$so $t0$u0$v0$w0$x0$y.i13269227$z16-04-04 945 $aLE009 STOR.11.1.3/11$cV. 11$g1$iLE009A-5197/10 DSS$lle009$o-$pE0.00$q-$rn$so $t0$u0$v0$w0$x0$y.i13269239$z16-04-04 996 $aCodices latini antiquiores$9268381 997 $aUNISALENTO 998 $ale009$b16-04-04$cm$da $e-$flat$guik$h0$i12